| Tag |
First Indicator |
Second Indicator |
Subfields |
| LEADER |
00000cam a2200000 4500 |
| 001 |
in00000213813 |
| 005 |
20151009060518.0 |
| 008 |
730920s1954 nyua b 00010 eng |
| 010 |
|
|
|a 54006971
|
| 035 |
|
|
|a (OCoLC)00692023
|
| 035 |
|
|
|9 AAX3781AM
|
| 040 |
|
|
|c CSU
|d TXA
|d UtOrBLW
|
| 049 |
|
|
|a TXAM
|c 1 [250054]
|c 2 [300463]
|c 3 [422725]
|
| 050 |
|
0 |
|a HF5761
|b .M75
|
| 082 |
0 |
|
|a 658.788
|
| 100 |
1 |
|
|a Morton, Newton.
|
| 245 |
1 |
0 |
|a Industrial traffic management /
|c by Newton Morton and Frank H. Mossman.
|
| 264 |
|
1 |
|a New York :
|b Ronald Press Co.,
|c [1954]
|
| 300 |
|
|
|a 558 pages :
|b illustrations ;
|c 24 cm.
|
| 336 |
|
|
|a text
|b txt
|2 rdacontent
|
| 337 |
|
|
|a unmediated
|b n
|2 rdamedia
|
| 338 |
|
|
|a volume
|b nc
|2 rdacarrier
|
| 504 |
|
|
|a Includes bibliography.
|
| 650 |
|
0 |
|a Shipment of goods.
|
| 700 |
1 |
|
|a Mossman, Frank Homer.
|
| 999 |
|
|
|a MARS
|
| 999 |
f |
f |
|s db047bd9-d5fe-3a1e-b383-53721dc0e34e
|i b144916a-3aa2-32a7-b495-b04c23eaa0f7
|t 0
|
| 952 |
f |
f |
|p ric
|a Texas A&M University
|b Rellis Campus
|c Joint Library Facility
|s JLF
|d Remote Storage
|t 0
|e HF5761 .M75
|h Library of Congress classification
|i unmediated -- volume
|m A14802849407
|
| 998 |
f |
f |
|a HF5761 .M75
|t 0
|l Remote Storage
|